• 首页
  • 本馆介绍
  • 公告通知
  • 最新文献
  • 馆藏检索
  • 电子资源
  • 读者导购
  • 参考咨询
  • 我的图书馆
  • 登录
  • 详细信息显示
  • 放入我的书架
  • 预约/预借图书
  • 作者相关作品
  • 分类相关作品
  • 丛书相关作品
  • 出版社相关作品

书目信息

  • 表格格式
  • 工作单格式
  • 卡片格式
题名:
电气电子工程制图与CAD
    
 
作者: 孙振东 , 高红 主编
分册:  
出版信息: 北京   中国电力出版社  2021.5
页数: 308页
开本: 26cm
丛书名:
单 册:
中图分类: TM02 , TN02
科图分类:
主题词: 电气制图--计算机辅助设计--高等教育--教材 , 电子工业--工程制图--计算机辅助设计--高等教育--教材
电子资源:
ISBN: 978-7-5123-6701-2
000 01357nam0 2200289 45
001 012001002216
005 20211013153948.55
010    @a978-7-5123-6701-2@dCNY39.00
100    @a20150421d2015 em y0chiy50 ea
101 0  @achi
102    @aCN@b110000
105    @aa z 000yy
106    @ar
200 1  @a电气电子工程制图与CAD@Adian qi dian zi gong cheng zhi tu yu CAD@b专著@f孙振东,高红主编
205    @a2版
210    @a北京@c中国电力出版社@d2021.5
215    @a308页@d26cm
300    @a普通高等教育“十二五”规划教材 辽宁省“十二五”普通高等教育本科省级规划教材
330    @a本书主要内容包括五个单元:第一单元为工程制图的基础,主要介绍投影的基本知识和实物图的识读方法;第二单元为电气与电子设备图,主要介绍设备零件图通用的表达方法、国家制图标准及设备图的简化方法;第三单元为电气功能简图,主要介绍电路图和框图的画法;第四单元为电气与电子施工图,主要介绍位置图、安装图、线扎图、接线图、印制电路板图等各类与施工工程相关图样的画法;第五单元为计算机辅助设计,主要介绍CAXA、AutoCAD和Protel三款CAD绘图软件。
606 0  @a电气制图@x计算机辅助设计@x高等教育@j教材
606 0  @a电子工业@x工程制图@x计算机辅助设计@x高等教育@j教材
690    @aTM02@v5
690    @aTN02@v5
701  0 @a孙振东@Asun zhen dong@c(机械)@4主编
701  0 @a高红@Agao hong@c(女,@f1960 )@4主编
801  0 @aCN@bBJSDL@c20211011
905    @b1338879-82@dTM02@e38=2@f4
    
    电气电子工程制图与CAD/孙振东,高红主编.-2版.-北京:中国电力出版社,2021.5
    308页;26cm
    普通高等教育“十二五”规划教材 辽宁省“十二五”普通高等教育本科省级规划教材
    
    ISBN 978-7-5123-6701-2:CNY39.00
    本书主要内容包括五个单元:第一单元为工程制图的基础,主要介绍投影的基本知识和实物图的识读方法;第二单元为电气与电子设备图,主要介绍设备零件图通用的表达方法、国家制图标准及设备图的简化方法;第三单元为电气功能简图,主要介绍电路图和框图的画法;第四单元为电气与电子施工图,主要介绍位置图、安装图、线扎图、接线图、印制电路板图等各类与施工工程相关图样的画法;第五单元为计算机辅助设计,主要介绍CAXA、AutoCAD和Protel三款CAD绘图软件。
●
相关链接 在E读中查询图书 在五车中查询图书 在当当中查询图书 在豆瓣中查询图书


正题名:电气电子工程制图与CAD     索取号:TM02/38=2         预约/预借

序号 登录号 条形码 馆藏地/架位号 状态 备注
1 1338879   213388797   第二样本阅览室/ [索取号:TM02/38=2] 在馆    
2 1338880   213388804   第三借阅区/ [索取号:TM02/38=2] 在馆    
3 1338881   213388813   第三借阅区/ [索取号:TM02/38=2] 在馆    
4 1338882   213388822   第三借阅区/ [索取号:TM02/38=2] 在馆    
唐山师范学院图书馆 欢迎您!
大连网信软件有限公司© 版权所有